Normal view
MARC view
- Knitting
Entry Topical Term
001 - CONTROL NUMBER
- control field: 215580
003 - CONTROL NUMBER IDENTIFIER
- control field: OSt
005 - DATE AND TIME OF LATEST TRANSACTION
- control field: 20251201103915.0
008 - FIXED-LENGTH DATA ELEMENTS
- fixed length control field: 251201|| aca||aabn | a|a d
040 ## - CATALOGING SOURCE
- Original cataloging agency: OSt
- Transcribing agency: OSt
150 ## - HEADING--TOPICAL TERM
- Topical term or geographic name entry element: Knitting
670 ## - SOURCE DATA FOUND
- Source citation: Work cat.: (OSt)369200: Matthews Anne 215579, Vogue Dictionary of Crochet Stitches, 1992